La resiliencia invisible : infancia, inclusión social y tutores de vida /

Obra que presenta dos casos de estudio de niños marginados (uno por la sordera y otro por vivir en un país extranjero), que mediante el acompañamiento de una terapia de resiliencia, lograron desarrollar y profundizar en sus potencialidades para sobreponerse a las adversidades e integrarse a la socie...

Descripción completa

Guardado en:
Detalles Bibliográficos
Autor principal: Martínez Torralba, Isabel (autor)
Otros autores: Vásquez-Bronfman, Ana (autor) (autor), Rojas Marcos, Luis (prólogo) (prólogo)
Formato: Libro
Idioma:Español
Publicado: Barcelona, España : Gedisa, 2006, c2006
Colección:(Psicología/Resiliencia)
Temas:
Etiquetas: Agrega una etiqueta
Sin etiquetas, Sé el primero en etiquetar este registro!

MARC

LEADER 00000nam^a2200000^a^4500
001 000192340
005 20250521000000.0
009 20260310102603.263
020 |a 84-9784-126-3 
037 |a Acervo ITESO - Biblioteca 
041 |a ESP 
082 |a 155. 90461  |b MAR 
100 |a Martínez Torralba, Isabel  |e (autor) 
245 1 3 |a La resiliencia invisible :  |b infancia, inclusión social y tutores de vida /  |c I. Martínez Torralba, A. Vásquez-Bronfman ; pról. de L. Rojas Marcos. 
264 4 |a Barcelona, España :  |b Gedisa,  |c 2006, c2006 
300 |a 190 p. 
336 |a texto  |b txt  |2 rdacontenido 
337 |a sin mediación  |b n  |2 rdamedio 
338 |a volumen  |b nc  |2 rdasoporte 
440 1 |a (Psicología/Resiliencia) 
520 |a Obra que presenta dos casos de estudio de niños marginados (uno por la sordera y otro por vivir en un país extranjero), que mediante el acompañamiento de una terapia de resiliencia, lograron desarrollar y profundizar en sus potencialidades para sobreponerse a las adversidades e integrarse a la sociedad. 
649 |a XX 
650 |a Niños -  |x Condiciones Psicológicas -  |x Tema Principal 
650 |a Sordos -  |x Condiciones Psicológicas 
650 |a Extranjeros en París, Francia -  |x Condiciones Psicológicas 
650 |a Resiliencia Social -  |x Tema Principal 
650 |a Maltrato Infantil 
650 |a Trauma 
650 |a Desarrollo Emocional 
650 |a Autoconcepto 
650 |a Autoestima 
650 |a Superación Personal y Autoayuda 
650 |a Psicología Evolutiva 
650 |a Psicología Clínica 
650 |a Psicología Social 
700 |a Vásquez-Bronfman, Ana  |e (autor) 
700 |a Rojas Marcos, Luis  |e (prólogo) 
910 |a Fondo General 
920 |a Impresos - Libros 
930 |a Colección General 
905 |a 101 
901 |a 0500136126  |b IT1  |c ACC  |u 20250521 
902 |a https://opac.biblio.iteso.mx/vufind/Record/000192340